Państwa z prostymi flagami - Statystyki

Ogólne statystyki
  • Ten quiz został rozwiązany 42 razy
    21 od ostatniego zresetowania
  • Średni wynik to 20 z 33
Statystyki odpowiedzi
Odpowiedź % Poprawnych
Francja
100%
Polska
100%
Indonezja
88%
Monako
88%
Niemcy
88%
Rosja
88%
Belgia
82%
Rumunia
82%
Ukraina
82%
Estonia
76%
Litwa
76%
Łotwa
76%
Włochy
71%
Austria
65%
Holandia
65%
Irlandia
65%
Czad
59%
Luksemburg
59%
Bułgaria
53%
Armenia
47%
Jemen
47%
Mali
47%
Węgry
47%
Kolumbia
41%
Nigeria
41%
Botswana
35%
Gwinea
35%
Wybrzeże kości słoniowej
35%
Gabon
29%
Sierra Leone
24%
Tajlandia
24%
Gambia
18%
Mauritius
18%
Nie znaleziono quizów pasujących do podanych kryteriów
Rozkład punktacji
Procent ludzi z każdym wynikiem
Percentyl według liczby udzielonych odpowiedzi
Twoja historia wyników
Nie rozwiązałeś tego quizu od ostatniego zresetowania